Chile y el organismo internacional del trabajo. (Record no. 51979)

MARC details
000 -LEADER
campo de control de longitud fija 00550nam a2200181 i 4500
001 - NÚMERO DE CONTROL
campo de control 51979
003 - IDENTIFICADOR DE NÚMERO DE CONTROL
campo de control ES-MaACL
005 - FECHA Y HORA DE LA ÚLTIMA TRANSACCIÓN
campo de control 20250826083348.0
007 - CAMPO FIJO DE DESCRIPCIÓN FÍSICA--INFORMACIÓN GENERAL
campo de control de longitud fija t|
008 - DATOS DE LONGITUD FIJA--INFORMACIÓN GENERAL
campo de control de longitud fija 030822s1923 sz ||||1| spa d
245 00 - MENCIÓN DEL TÍTULO
Título Chile y el organismo internacional del trabajo.
260 ## - PUBLICACIÓN, DISTRIBUCIÓN, ETC.
Lugar de publicación, distribución, etc. Ginebra :
Nombre del editor, distribuidor, etc. [s.n.],
Fecha de publicación, distribución, etc. 1923.
300 ## - DESCRIPCIÓN FÍSICA
Extensión 32 p. ;
Dimensiones 22 cm.
594 ## - Nota al título y mención de responsabilidad
Nota al título y mención de responsabilidad Precede al tít.: Oficina Internacional del Trabajo, Sociedad de las Naciones.
710 1# - ENTRADA AGREGADA--NOMBRE DE ENTIDAD CORPORATIVA
Nombre de entidad corporativa o nombre de jurisdicción como elemento de entrada Oficina Internacional del Trabajo
9 (RLIN) 6023
852 ## - LOCALIZACIÓN
Ubicación ES-MaACL
Número de control de estantería 1674-F-11
Holdings
Estatus retirado Estado de pérdida Estado de daño No para préstamo Colección Biblioteca de origen Biblioteca actual Ubicación en estantería Fecha de adquisición Fuente de adquisición Total de préstamos Signatura topográfica completa Código de barras Visto por última vez Precio de reemplazo Tipo de ítem Koha
        Colección de folletos Biblioteca del Ateneo de Madrid Biblioteca del Ateneo de Madrid Depósito folletos 17/01/2008     1674-F-11 1054651 23/02/2023 23/02/2023 Folleto